Miasta-gospodarze Letnich Igrzysk Olimpijskich według podpowiedzi - Statystyki

Ogólne statystyki
  • Ten quiz został rozwiązany 18 razy
  • Średni wynik to 13 z 24
Statystyki odpowiedzi
Wskazówka Miasto % Poprawnych
Pierwszy gospodarz igrzysk olimpijskich w Azji Tokio
94%
Pierwsze miasto, które było gospodarzem nowożytnych igrzysk olimpijskich Ateny
89%
Budowa kościoła Sagrada Família trwa od 1882 roku Barcelona
89%
Największe miasto w południowych Niemczech Monachium
89%
Odwiedzając to miasto, koniecznie wrzuć monetę do Fontanny di Trevi Rzym
89%
Stany Zjednoczone zbojkotowały igrzyska olimpijskie, które odbyły się tutaj Moskwa
78%
„Aleja Gwiazd” jest główną atrakcją turystyczną Los Angeles
72%
Jedyne miasto w Ameryce Południowej, które gościło igrzyska. Rio de Janeiro
72%
Zakazane Miasto znajdziesz tutaj Pekin
67%
Znajduje się około 50 km na południe od Strefy Zdemilitaryzowanej Seul
67%
Najbardziej wysunięte na północ miasto, w którym odbyły się igrzyska olimpijskie Helsinki
56%
Największe miasto świata w roku 1900 Londyn
56%
Założone na ruinach Tenochtitlan Meksyk
56%
Najbardziej wysunięte na południe miasto, w którym odbyły się igrzyska olimpijskie Melbourne
44%
Leży na wyspie na rzece Świętego Wawrzyńca Montreal
44%
Posiada najniższą wysokość spośród wszystkich gospodarzy igrzysk olimpijskich Amsterdam
39%
Centrum światowego handlu diamentami Antwerpia
39%
Gdzie znajduje się siedziba korporacji Coca-Cola Atlanta
39%
Jesse Owens zdobył cztery złote medale na igrzyskach w tym mieście Berlin
39%
Stolica Queensland w Australii Brisbane
33%
Jego największe lotnisko ma kod CDG Paryż
17%
Samolot Charlesa Lindbergha został nazwany na cześć tego miasta St. Louis
11%
Zatokę Botaniczną tego miasta odwiedził w 1770 roku kapitan James Cook Sydney
11%
W 1973 roku rabusie wzięli zakładników, a zakładnicy współczuli rabusiom! Sztokholm
11%
Nie znaleziono quizów pasujących do podanych kryteriów
Rozkład punktacji
Procent ludzi z każdym wynikiem
Percentyl według liczby udzielonych odpowiedzi
Twoja historia wyników
Nie rozwiązałeś tego quizu